000 00409nam a2200145Ia 4500
008 211109s9999||||xx |||||||||||||| ||und||
082 _a894.8121
_bSUG-K
100 _aSugathakumari,
245 0 _aKrishna Kavithakal
260 _bD c Books
_aKottayam
_c1900
300 _a107p
630 _xGeneral stack
650 _aMalayalam lietarature
_vMalayalam poetry
_xLiterature & rhetoricMalayalam
942 _cBOOK
999 _c51529
_d51529